000 00449nam a22001817a 4500
003 koha_MIRAKIL
005 20231213095539.0
008 231213b |||||||| |||| 00| 0 ||| d
020 _b978-1-60537-095-8
040 _aTR-IsEVY
_btur
_cTR-IsEVY
082 _a420 GEN/B
100 _aGENECHTEN, GUIDO VAN.
245 0 _aBECAUSE YOU ARE MY FRIEND.
260 _bClavis,
_c2011
300 _a[ ] p.
650 _aİngiliz Dili.
942 _2ddc
_cBK
999 _c5458
_d5458